书目信息 |
| 题名: |
极致
|
|
| 作者: | 王丽莎 , 万璞 , 许光扬 编著 | |
| 分册: | ||
| 出版信息: | 北京 清华大学出版社 2020.12 |
|
| 页数: | 312页 | |
| 开本: | 26cm | |
| 丛书名: | ||
| 单 册: | ||
| 中图分类: | TU238.2-39 | |
| 科图分类: | ||
| 主题词: | 室内装饰设计--shi nei zhuang shi she ji--计算机辅助设计--三维动画软件 | |
| 电子资源: | ||
| ISBN: | 978-7-302-56555-0 | |
| 000 | 01194nam0 2200265 450 | |
| 001 | 202021192209 | |
| 005 | 20211025120131.0 | |
| 010 | @a978-7-302-56555-0@dCNY79.80 | |
| 100 | @a20210922d2020 em y0chiy50 ea | |
| 101 | 0 | @achi |
| 102 | @aCN@b110000 | |
| 105 | @aa z 000yy | |
| 106 | @ar | |
| 200 | 1 | @a极致@Aji zhi@e中文版3ds Max+VRay产品设计案例深度解析@f王丽莎, 万璞, 许光扬编著 |
| 210 | @a北京@c清华大学出版社@d2020.12 | |
| 215 | @a312页@c图@d26cm | |
| 330 | @a本书通过10个不同领域的实例, 详细讲解了使用3ds Max进行产品设计的各种高级技术。具体内容包括产品设计的专业知识, 3ds Max和VRay的基本操作, 香水瓶、茶具、榨汁机、箱包、长号、相机、气垫船、歼击机、摩托车、汽车的设计与渲染。通过学习本书, 读者可掌握使用3ds Max进行快速精确的产品设计与渲染的方法和技巧。 | |
| 517 | 1 | @a中文版3ds Max+VRay产品设计案例深度解析@Azhong wen ban 3ds Max+VRay chan pin she ji an li shen du jie xi |
| 606 | 0 | @a室内装饰设计@Ashi nei zhuang shi she ji@x计算机辅助设计@x三维动画软件 |
| 690 | @aTU238.2-39@v5 | |
| 701 | 0 | @a王丽莎@Awang li sha@4编著 |
| 701 | 0 | @a万璞@Awan pu@4编著 |
| 701 | 0 | @a许光扬@Axu guang yang@4编著 |
| 801 | 0 | @aCN@c20210909 |
| 905 | @a河南城建学院图书馆@dTU238.2-39@eW256 | |
| 极致:中文版3ds Max+VRay产品设计案例深度解析/王丽莎, 万璞, 许光扬编著.-北京:清华大学出版社,2020.12 |
| 312页:图;26cm |
| ISBN 978-7-302-56555-0:CNY79.80 |
| 本书通过10个不同领域的实例, 详细讲解了使用3ds Max进行产品设计的各种高级技术。具体内容包括产品设计的专业知识, 3ds Max和VRay的基本操作, 香水瓶、茶具、榨汁机、箱包、长号、相机、气垫船、歼击机、摩托车、汽车的设计与渲染。通过学习本书, 读者可掌握使用3ds Max进行快速精确的产品设计与渲染的方法和技巧。 |
| ● |
| 相关链接 |
|
|
|
正题名:极致
索取号:TU238.2-39/W256
 
预约/预借
| 序号 | 登录号 | 条形码 | 馆藏地/架位号 | 状态 | 备注 |
| 1 | 1541305 | 215413050 | 建筑库101/101建筑库 56排6列2层/ [索取号:TU238.2-39/W256] | 在馆 | |
| 2 | 1541306 | 215413069 | 建筑库101/101建筑库 56排6列2层/ [索取号:TU238.2-39/W256] | 在馆 |